000
00287nam a2200109Ia 4500
008
230907s9999||||xx |||||||||||||| ||und||
082
_a
621.381548
_b
ERG
100
_a
Ergül, Özgür,
_9
115969
245
0
_a
Introduction to electrical circuit analysis /
300
_a
402 p.
942
_c
BK
999
_c
600550
_d
600550